A Course in electrical power (Record no. 190552)
[ view plain ]
| 000 -LEADER | |
|---|---|
| fixed length control field | 00574 a2200169 4500 |
| 003 - CONTROL NUMBER IDENTIFIER | |
| control field | Nust |
| 005 - DATE AND TIME OF LATEST TRANSACTION | |
| control field | 20170207153946.0 |
| 040 ## - CATALOGING SOURCE | |
| Transcribing agency | Nust |
| 082 ## - DEWEY DECIMAL CLASSIFICATION NUMBER | |
| Classification number | 621.3 |
| 100 ## - MAIN ENTRY--PERSONAL NAME | |
| Personal name | Soni, M. L. |
| 245 ## - TITLE STATEMENT | |
| Title | A Course in electrical power |
| Statement of responsibility, etc. | M.L.Soni, P.V.Gupta, U.S.Bhatnagar |
| 260 ## - PUBLICATION, DISTRIBUTION, ETC. | |
| Place of publication, distribution, etc. | Delhi |
| Name of publisher, distributor, etc. | J.C.Kapur |
| Date of publication, distribution, etc. | 1989 |
| 300 ## - PHYSICAL DESCRIPTION | |
| Extent | various paging. |
| 505 ## - FORMATTED CONTENTS NOTE | |
| Formatted contents note | Part:-1 Generation (Page-1 Part 2:-Transmission and Distribution (Page-3) Part 3:- Protection and Switchgear (Page-16)Part 4:- Utilization Traction (Page-55) |
| 538 ## - SYSTEM DETAILS NOTE | |
| System details note | Almirah No.30 Shelf No.3 |
| 650 ## - SUBJECT ADDED ENTRY--TOPICAL TERM | |
| Topical term or geographic name entry element | electrical engineering |
| 942 ## - ADDED ENTRY ELEMENTS (KOHA) | |
| Source of classification or shelving scheme | |
| Koha item type | Book |
| Withdrawn status | Lost status | Source of classification or shelving scheme | Damaged status | Not for loan | Collection code | Permanent Location | Current Location | Date acquired | Total Checkouts | Full call number | Barcode | Date last seen | Price effective from | Koha item type |
|---|---|---|---|---|---|---|---|---|---|---|---|---|---|---|
| Military College of Signals (MCS) | Military College of Signals (MCS) | 12/12/2016 | 621.3 SON | MCS24997 | 12/08/2016 | 12/12/2016 | Book |
